000 00666nam a2200229 4500
003 OSt
005 20240613012309.0
006 a
008 240613b |||||||| |||| 00| 0 eng d
020 _a9789814416047
040 _aDWCL-Main lib.
_cOC
082 _2Sixth edition
_aCirc. 620.11 A834s 2012
100 _aAskeland, Dorald R.
245 _aScience and engineering of materials /
250 _aSixth edition
260 _aSingapore :
_bCengage Learning Asia Pte.,
_cc2012.
300 _b895 p. : ill. ;
_c23 cm.
504 _aIncludes index.
650 _a1. Materials.
700 _aDorald R. Askeland
942 _2ddc
_n0
_cBK-CIRC
_eSixth edition
_kCirc.
999 _c582
_d582